[Event "Nova Gorica op-B 10th"]
[Site "Nova Gorica"]
[Date "2005.01.31"]
[Round "5"]
[White "Ursic, Mateja"]
[Black "Bucer, Savin"]
[Result "1-0"]
[WhiteElo "2048"]
[BlackElo "1500"]
[PlyCount "77"]
[EventDate "2005.01.28"]
[EventType "swiss"]
[EventRounds "9"]
[EventCountry "SLO"]
[SourceTitle "CBM 104 Extra"]
[Source "ChessBase"]
[SourceDate "2005.03.01"]
[SourceVersion "1"]
[SourceVersionDate "2005.03.01"]
[SourceQuality "1"]

1. e4 c5 2. c3 Nc6 3. Nf3 d6 4. d4 cxd4 5. cxd4 e5 6. Bc4 Bg4 7. Qb3 Qc7 8. dxe5 Bxf3 9. Qxf3 Nd4 10. Qd3 dxe5 11. Bb5+ Nxb5 12. Qxb5+ Qd7 13. Qxe5+ Be7 14. 0-0 Nf6 15. Nc3 0-0 16. Rd1 Qe6 17. Qxe6 fxe6 18. Bg5 h6 19. Bh4 Rfd8 20. e5 Nd5 21. Bxe7 Nxe7 22. f4 Nc6 23. Rxd8+ Rxd8 24. Rd1 Rxd1+ 25. Nxd1 Kf7 26. Kf2 g5 27. g3 g4 28. Ne3 h5 29. Nc2 a5 30. Ke3 b5 31. Nd4 Nb4 32. a3 Nd5+ 33. Ke4 b4 34. Nxe6 bxa3 35. Ng5+ Ke7 36. bxa3 Nc3+ 37. Kd3 Nb5 38. a4 Nc7 39. Kc4 1-0